[Event "Gorgan Fajr Cup"]
[Site "Gorgan"]
[Date "2015.01.30"]
[Round "4"]
[White "Jafari, Eisa"]
[Black "Amini, Amer"]
[Result "1/2-1/2"]
[WhiteElo "1868"]
[BlackElo "2094"]
[PlyCount "31"]
[EventDate "2015.01.28"]
[EventType "swiss"]
[EventRounds "9"]
[EventCountry "IRI"]
[SourceTitle "EXT 2016"]
[Source "ChessBase"]
[SourceDate "2015.10.08"]
[SourceVersion "1"]
[SourceVersionDate "2015.10.08"]
[SourceQuality "1"]

1. e4 c6 2. d4 d5 3. Nc3 dxe4 4. Nxe4 Nf6 5. Nxf6+ exf6 6. Bc4 Qe7+ 7. Qe2 Be6 8. Bxe6 Qxe6 9. Bf4 Na6 10. c3 0-0-0 11. Qxe6+ fxe6 12. Nf3 c5 13. Be3 cxd4 14. Nxd4 Nc7 15. 0-0-0 Bc5 16. Nc2 1/2-1/2

[Event "Gorgan Fajr Cup"]
[Site "Gorgan"]
[Date "2015.01.30"]
[Round "5"]
[White "Rahimi, Tara"]
[Black "Jafari, Eisa"]
[Result "1-0"]
[WhiteElo "1913"]
[BlackElo "1868"]
[PlyCount "60"]
[EventDate "2015.01.28"]
[EventType "swiss"]
[EventRounds "9"]
[EventCountry "IRI"]
[SourceTitle "EXT 2016"]
[Source "ChessBase"]
[SourceDate "2015.10.08"]
[SourceVersion "1"]
[SourceVersionDate "2015.10.08"]
[SourceQuality "1"]

1. e4 e6 2. d4 d5 3. Nd2 Nf6 4. e5 Nfd7 5. Bd3 c5 6. c3 Nc6 7. Ne2 Be7 8. Nf3 b6 9. Ng3 cxd4 10. cxd4 Nb4 11. Bb1 Ba6 12. a3 Nc6 13. Ne2 Rc8 14. 0-0 0-0 15. Re1 Bxe2 16. Qxe2 Kh8 17. Qd3 f5 18. exf6 Nxf6 19. Ng5 e5 20. Ne6 Qd6 21. Nxf8 Rxf8 22. dxe5 Nxe5 23. Qg3 Nfg4 24. Bf4 Qf6 25. Rxe5 Nxe5 26. Bxe5 Qh6 27. Bd3 Bh4 28. Bxg7+ Qxg7 29. Qxh4 h6 30. Re1 Rc8 1-0

[Event "Gorgan Fajr Cup"]
[Site "Gorgan"]
[Date "2015.01.29"]
[Round "3"]
[White "Asghari, Abolfazl"]
[Black "Jafari, Eisa"]
[Result "0-1"]
[WhiteElo "1634"]
[BlackElo "1868"]
[PlyCount "112"]
[EventDate "2015.01.28"]
[EventType "swiss"]
[EventRounds "9"]
[EventCountry "IRI"]
[SourceTitle "EXT 2016"]
[Source "ChessBase"]
[SourceDate "2015.10.08"]
[SourceVersion "1"]
[SourceVersionDate "2015.10.08"]
[SourceQuality "1"]

1. e4 c5 2. Nf3 Nc6 3. d4 cxd4 4. Nxd4 Nf6 5. Nc3 e5 6. Ndb5 d6 7. Bg5 a6 8. Na3 Be6 9. Nc4 b5 10. Ne3 Be7 11. Bxf6 Bxf6 12. Ncd5 Bg5 13. g3 0-0 14. h4 Bxe3 15. Nxe3 Qc7 16. Bh3 Rac8 17. c3 Qd7 18. Bf5 b4 19. c4 Nd4 20. Bxe6 fxe6 21. 0-0 Rf7 22. b3 Qb7 23. Qg4 h5 24. Qxh5 Qxe4 25. Qg4 Qc6 26. Ng2 Rcf8 27. h5 Rf5 28. Rad1 Rg5 29. Rxd4 Rxg4 30. Rxg4 Kh7 31. Nh4 Qc5 32. Re4 Kh6 33. g4 Rf4 34. Rxf4 exf4 35. Kg2 Qe5 36. Nf3 Qc5 37. Rd1 Qc6 38. Re1 e5 39. Rd1 g6 40. hxg6 Kxg6 41. Rd5 a5 42. Nd2 Qd7 43. f3 Qe7 44. Ne4 Qa7 45. Rxd6+ Kg7 46. c5 a4 47. c6 Qe3 48. Rd2 axb3 49. axb3 Qxb3 50. c7 Qc4 51. Rd7+ Kg6 52. Rd6+ Kg7 53. Rd7+ Kg6 54. Rd6+ Kg7 55. Rd7+ Kg6 56. Rd6+ Kf7 0-1